000 00500nam a2200181Ia 4500
005 20250326142050.0
008 250326s9999 xx 000 0 und d
037 _aTextbook
040 _aFMSL
_beng
_cFMSL
041 _aeng
_2eng
084 _aX:89Q8 M5
_qFMSL
100 _aHutchins D
_9743570
245 0 _aQuality circle handbook
_cHutchins D
260 _aUnited Kingdom
_bUnited Kingdom, Pitman
_c1985
300 _a283p
942 _cTB
_hX:89Q8 M5
999 _c1293278
_d1293278